<?xml version="1.0" encoding="UTF-8"?>
<record
    xmlns:xsi="http://www.w3.org/2001/XMLSchema-instance"
    xsi:schemaLocation="http://www.loc.gov/MARC21/slim http://www.loc.gov/standards/marcxml/schema/MARC21slim.xsd"
    xmlns="http://www.loc.gov/MARC21/slim">

  <leader>00604nam a2200217Ia 4500</leader>
  <controlfield tag="008">220501s2022    xx            000 0 eng d</controlfield>
  <datafield tag="020" ind1=" " ind2=" ">
    <subfield code="a">9789332587106</subfield>
  </datafield>
  <datafield tag="082" ind1=" " ind2=" ">
    <subfield code="a">658.8 GUP-M</subfield>
  </datafield>
  <datafield tag="100" ind1=" " ind2=" ">
    <subfield code="a">Gupta, Prachi</subfield>
  </datafield>
  <datafield tag="245" ind1=" " ind2="0">
    <subfield code="a">Marketing management : Indian cases</subfield>
    <subfield code="c">Prachi Gupta ... [et al.]</subfield>
  </datafield>
  <datafield tag="260" ind1=" " ind2=" ">
    <subfield code="a">NOIDA</subfield>
    <subfield code="b">Pearson</subfield>
    <subfield code="c">2022</subfield>
  </datafield>
  <datafield tag="300" ind1=" " ind2=" ">
    <subfield code="a">vp. ;</subfield>
  </datafield>
  <datafield tag="650" ind1=" " ind2=" ">
    <subfield code="a">Cases - Marketing - Indian</subfield>
  </datafield>
  <datafield tag="650" ind1=" " ind2=" ">
    <subfield code="a">Marketing - cases - Indian</subfield>
  </datafield>
  <datafield tag="700" ind1=" " ind2=" ">
    <subfield code="a">Aggarwal, Ashita</subfield>
  </datafield>
  <datafield tag="700" ind1=" " ind2=" ">
    <subfield code="a">Jacob, Isaac</subfield>
  </datafield>
  <datafield tag="700" ind1=" " ind2=" ">
    <subfield code="a">Jain, Varsha</subfield>
  </datafield>
  <datafield tag="700" ind1=" " ind2=" ">
    <subfield code="a">Krishna, G Radha</subfield>
  </datafield>
  <datafield tag="700" ind1=" " ind2=" ">
    <subfield code="a">Majra, Hufrish</subfield>
  </datafield>
  <datafield tag="942" ind1=" " ind2=" ">
    <subfield code="2">ddc</subfield>
    <subfield code="c">REF</subfield>
    <subfield code="0">26</subfield>
  </datafield>
  <datafield tag="999" ind1=" " ind2=" ">
    <subfield code="c">18510</subfield>
    <subfield code="d">18510</subfield>
  </datafield>
  <datafield tag="952" ind1=" " ind2=" ">
    <subfield code="0">0</subfield>
    <subfield code="1">0</subfield>
    <subfield code="2">ddc</subfield>
    <subfield code="4">0</subfield>
    <subfield code="7">0</subfield>
    <subfield code="a">SOBD</subfield>
    <subfield code="b">SOBD</subfield>
    <subfield code="d">2022-05-05</subfield>
    <subfield code="e">Vedi Books</subfield>
    <subfield code="o">658.8 GUP-M1</subfield>
    <subfield code="p">001184</subfield>
    <subfield code="r">2024-07-03</subfield>
    <subfield code="t">1</subfield>
    <subfield code="w">2022-04-14</subfield>
    <subfield code="y">REF</subfield>
    <subfield code="k">VEDI/22-23/04/07</subfield>
  </datafield>
  <datafield tag="952" ind1=" " ind2=" ">
    <subfield code="0">0</subfield>
    <subfield code="1">0</subfield>
    <subfield code="2">ddc</subfield>
    <subfield code="4">0</subfield>
    <subfield code="7">0</subfield>
    <subfield code="a">SOBD</subfield>
    <subfield code="b">SOBD</subfield>
    <subfield code="d">2022-05-05</subfield>
    <subfield code="e">Vedi Books</subfield>
    <subfield code="l">3</subfield>
    <subfield code="m">3</subfield>
    <subfield code="o">658.8 GUP-M2</subfield>
    <subfield code="p">001185</subfield>
    <subfield code="r">2023-10-10</subfield>
    <subfield code="s">2023-09-14</subfield>
    <subfield code="t">2</subfield>
    <subfield code="w">2022-04-14</subfield>
    <subfield code="y">BK</subfield>
    <subfield code="k">VEDI/22-23/04/07</subfield>
  </datafield>
  <datafield tag="952" ind1=" " ind2=" ">
    <subfield code="0">0</subfield>
    <subfield code="1">0</subfield>
    <subfield code="2">ddc</subfield>
    <subfield code="4">0</subfield>
    <subfield code="7">0</subfield>
    <subfield code="a">SOBD</subfield>
    <subfield code="b">SOBD</subfield>
    <subfield code="d">2022-05-05</subfield>
    <subfield code="e">Vedi Books</subfield>
    <subfield code="o">658.8 GUP-M3</subfield>
    <subfield code="p">001186</subfield>
    <subfield code="r">2022-07-01</subfield>
    <subfield code="t">3</subfield>
    <subfield code="w">2022-04-14</subfield>
    <subfield code="y">BK</subfield>
    <subfield code="k">VEDI/22-23/04/07</subfield>
  </datafield>
  <datafield tag="952" ind1=" " ind2=" ">
    <subfield code="0">0</subfield>
    <subfield code="1">0</subfield>
    <subfield code="2">ddc</subfield>
    <subfield code="4">0</subfield>
    <subfield code="7">0</subfield>
    <subfield code="a">SOBD</subfield>
    <subfield code="b">SOBD</subfield>
    <subfield code="d">2022-05-05</subfield>
    <subfield code="e">Vedi Books</subfield>
    <subfield code="o">658.8 GUP-M4</subfield>
    <subfield code="p">001187</subfield>
    <subfield code="r">2022-07-01</subfield>
    <subfield code="t">4</subfield>
    <subfield code="w">2022-04-14</subfield>
    <subfield code="y">BK</subfield>
    <subfield code="k">VEDI/22-23/04/07</subfield>
  </datafield>
  <datafield tag="952" ind1=" " ind2=" ">
    <subfield code="0">0</subfield>
    <subfield code="1">0</subfield>
    <subfield code="2">ddc</subfield>
    <subfield code="4">0</subfield>
    <subfield code="7">0</subfield>
    <subfield code="a">SOBD</subfield>
    <subfield code="b">SOBD</subfield>
    <subfield code="d">2022-05-05</subfield>
    <subfield code="e">Vedi Books</subfield>
    <subfield code="o">658.8 GUP-M5</subfield>
    <subfield code="p">001188</subfield>
    <subfield code="r">2022-07-01</subfield>
    <subfield code="t">5</subfield>
    <subfield code="w">2022-04-14</subfield>
    <subfield code="y">BK</subfield>
    <subfield code="k">VEDI/22-23/04/07</subfield>
  </datafield>
  <datafield tag="952" ind1=" " ind2=" ">
    <subfield code="0">0</subfield>
    <subfield code="1">0</subfield>
    <subfield code="2">ddc</subfield>
    <subfield code="4">0</subfield>
    <subfield code="7">0</subfield>
    <subfield code="a">SOBD</subfield>
    <subfield code="b">SOBD</subfield>
    <subfield code="d">2022-05-05</subfield>
    <subfield code="e">Vedi Books</subfield>
    <subfield code="l">7</subfield>
    <subfield code="m">1</subfield>
    <subfield code="o">658.8 GUP-M6</subfield>
    <subfield code="p">001189</subfield>
    <subfield code="r">2024-09-07</subfield>
    <subfield code="s">2023-07-25</subfield>
    <subfield code="t">6</subfield>
    <subfield code="w">2022-04-14</subfield>
    <subfield code="y">BK</subfield>
    <subfield code="k">VEDI/22-23/04/07</subfield>
  </datafield>
  <datafield tag="952" ind1=" " ind2=" ">
    <subfield code="0">0</subfield>
    <subfield code="1">0</subfield>
    <subfield code="2">ddc</subfield>
    <subfield code="4">0</subfield>
    <subfield code="7">0</subfield>
    <subfield code="a">SOBD</subfield>
    <subfield code="b">SOBD</subfield>
    <subfield code="d">2022-05-05</subfield>
    <subfield code="e">Vedi Books</subfield>
    <subfield code="o">658.8 GUP-M7</subfield>
    <subfield code="p">001190</subfield>
    <subfield code="r">2022-07-01</subfield>
    <subfield code="t">7</subfield>
    <subfield code="w">2022-04-14</subfield>
    <subfield code="y">BK</subfield>
    <subfield code="k">VEDI/22-23/04/07</subfield>
  </datafield>
  <datafield tag="952" ind1=" " ind2=" ">
    <subfield code="0">0</subfield>
    <subfield code="1">0</subfield>
    <subfield code="2">ddc</subfield>
    <subfield code="4">0</subfield>
    <subfield code="7">0</subfield>
    <subfield code="a">SOBD</subfield>
    <subfield code="b">SOBD</subfield>
    <subfield code="d">2022-05-05</subfield>
    <subfield code="e">Vedi Books</subfield>
    <subfield code="l">1</subfield>
    <subfield code="o">658.8 GUP-M8</subfield>
    <subfield code="p">001191</subfield>
    <subfield code="r">2024-03-18</subfield>
    <subfield code="s">2024-03-04</subfield>
    <subfield code="t">8</subfield>
    <subfield code="w">2022-04-14</subfield>
    <subfield code="y">BK</subfield>
    <subfield code="k">VEDI/22-23/04/07</subfield>
  </datafield>
  <datafield tag="952" ind1=" " ind2=" ">
    <subfield code="0">0</subfield>
    <subfield code="1">0</subfield>
    <subfield code="2">ddc</subfield>
    <subfield code="4">0</subfield>
    <subfield code="7">0</subfield>
    <subfield code="a">SOBD</subfield>
    <subfield code="b">SOBD</subfield>
    <subfield code="d">2022-05-05</subfield>
    <subfield code="e">Vedi Books</subfield>
    <subfield code="o">658.8 GUP-M9</subfield>
    <subfield code="p">001192</subfield>
    <subfield code="r">2022-07-01</subfield>
    <subfield code="t">9</subfield>
    <subfield code="w">2022-04-14</subfield>
    <subfield code="y">BK</subfield>
    <subfield code="k">VEDI/22-23/04/07</subfield>
  </datafield>
  <datafield tag="952" ind1=" " ind2=" ">
    <subfield code="0">0</subfield>
    <subfield code="1">0</subfield>
    <subfield code="2">ddc</subfield>
    <subfield code="4">0</subfield>
    <subfield code="7">0</subfield>
    <subfield code="a">SOBD</subfield>
    <subfield code="b">SOBD</subfield>
    <subfield code="d">2022-05-05</subfield>
    <subfield code="e">Vedi Books</subfield>
    <subfield code="l">2</subfield>
    <subfield code="o">658.8 GUP-M10</subfield>
    <subfield code="p">001193</subfield>
    <subfield code="r">2024-08-21</subfield>
    <subfield code="s">2024-08-05</subfield>
    <subfield code="t">10</subfield>
    <subfield code="w">2022-04-14</subfield>
    <subfield code="y">BK</subfield>
    <subfield code="k">VEDI/22-23/04/07</subfield>
  </datafield>
  <datafield tag="952" ind1=" " ind2=" ">
    <subfield code="0">0</subfield>
    <subfield code="1">0</subfield>
    <subfield code="2">ddc</subfield>
    <subfield code="4">0</subfield>
    <subfield code="7">0</subfield>
    <subfield code="a">SOBD</subfield>
    <subfield code="b">SOBD</subfield>
    <subfield code="d">2022-05-05</subfield>
    <subfield code="e">Vedi Books</subfield>
    <subfield code="o">658.8 GUP-M11</subfield>
    <subfield code="p">001194</subfield>
    <subfield code="r">2022-07-01</subfield>
    <subfield code="t">11</subfield>
    <subfield code="w">2022-04-14</subfield>
    <subfield code="y">BK</subfield>
    <subfield code="k">VEDI/22-23/04/07</subfield>
  </datafield>
  <datafield tag="952" ind1=" " ind2=" ">
    <subfield code="0">0</subfield>
    <subfield code="1">0</subfield>
    <subfield code="2">ddc</subfield>
    <subfield code="4">0</subfield>
    <subfield code="7">0</subfield>
    <subfield code="a">SOBD</subfield>
    <subfield code="b">SOBD</subfield>
    <subfield code="d">2022-05-05</subfield>
    <subfield code="e">Vedi Books</subfield>
    <subfield code="l">5</subfield>
    <subfield code="m">3</subfield>
    <subfield code="o">658.8 GUP-M12</subfield>
    <subfield code="p">001195</subfield>
    <subfield code="r">2025-08-26</subfield>
    <subfield code="s">2025-07-29</subfield>
    <subfield code="t">12</subfield>
    <subfield code="w">2022-04-14</subfield>
    <subfield code="y">BK</subfield>
    <subfield code="k">VEDI/22-23/04/07</subfield>
  </datafield>
  <datafield tag="952" ind1=" " ind2=" ">
    <subfield code="0">0</subfield>
    <subfield code="1">0</subfield>
    <subfield code="2">ddc</subfield>
    <subfield code="4">0</subfield>
    <subfield code="7">0</subfield>
    <subfield code="a">SOBD</subfield>
    <subfield code="b">SOBD</subfield>
    <subfield code="d">2022-05-05</subfield>
    <subfield code="e">Vedi Books</subfield>
    <subfield code="l">2</subfield>
    <subfield code="o">658.8 GUP-M13</subfield>
    <subfield code="p">001196</subfield>
    <subfield code="r">2024-08-06</subfield>
    <subfield code="s">2024-07-22</subfield>
    <subfield code="t">13</subfield>
    <subfield code="w">2022-04-14</subfield>
    <subfield code="y">BK</subfield>
    <subfield code="k">VEDI/22-23/04/07</subfield>
  </datafield>
  <datafield tag="952" ind1=" " ind2=" ">
    <subfield code="0">0</subfield>
    <subfield code="1">0</subfield>
    <subfield code="2">ddc</subfield>
    <subfield code="4">0</subfield>
    <subfield code="7">0</subfield>
    <subfield code="a">SOBD</subfield>
    <subfield code="b">SOBD</subfield>
    <subfield code="d">2022-05-05</subfield>
    <subfield code="e">Vedi Books</subfield>
    <subfield code="o">658.8 GUP-M14</subfield>
    <subfield code="p">001197</subfield>
    <subfield code="r">2022-07-01</subfield>
    <subfield code="t">14</subfield>
    <subfield code="w">2022-04-14</subfield>
    <subfield code="y">BK</subfield>
    <subfield code="k">VEDI/22-23/04/07</subfield>
  </datafield>
  <datafield tag="952" ind1=" " ind2=" ">
    <subfield code="0">0</subfield>
    <subfield code="1">0</subfield>
    <subfield code="2">ddc</subfield>
    <subfield code="4">0</subfield>
    <subfield code="7">0</subfield>
    <subfield code="a">SOBD</subfield>
    <subfield code="b">SOBD</subfield>
    <subfield code="d">2022-05-05</subfield>
    <subfield code="e">Vedi Books</subfield>
    <subfield code="l">1</subfield>
    <subfield code="o">658.8 GUP-M15</subfield>
    <subfield code="p">001198</subfield>
    <subfield code="r">2022-08-02</subfield>
    <subfield code="s">2022-07-21</subfield>
    <subfield code="t">15</subfield>
    <subfield code="w">2022-04-14</subfield>
    <subfield code="y">BK</subfield>
    <subfield code="k">VEDI/22-23/04/07</subfield>
  </datafield>
  <datafield tag="952" ind1=" " ind2=" ">
    <subfield code="0">0</subfield>
    <subfield code="1">0</subfield>
    <subfield code="2">ddc</subfield>
    <subfield code="4">0</subfield>
    <subfield code="7">0</subfield>
    <subfield code="a">SOBD</subfield>
    <subfield code="b">SOBD</subfield>
    <subfield code="d">2022-05-05</subfield>
    <subfield code="e">Vedi Books</subfield>
    <subfield code="l">5</subfield>
    <subfield code="m">2</subfield>
    <subfield code="o">658.8 GUP-M16</subfield>
    <subfield code="p">001199</subfield>
    <subfield code="r">2023-12-21</subfield>
    <subfield code="s">2023-12-01</subfield>
    <subfield code="t">16</subfield>
    <subfield code="w">2022-04-14</subfield>
    <subfield code="y">BK</subfield>
    <subfield code="k">VEDI/22-23/04/07</subfield>
  </datafield>
  <datafield tag="952" ind1=" " ind2=" ">
    <subfield code="0">0</subfield>
    <subfield code="1">0</subfield>
    <subfield code="2">ddc</subfield>
    <subfield code="4">0</subfield>
    <subfield code="7">0</subfield>
    <subfield code="a">SOBD</subfield>
    <subfield code="b">SOBD</subfield>
    <subfield code="d">2022-05-05</subfield>
    <subfield code="e">Vedi Books</subfield>
    <subfield code="o">658.8 GUP-M17</subfield>
    <subfield code="p">001200</subfield>
    <subfield code="r">2022-07-01</subfield>
    <subfield code="t">17</subfield>
    <subfield code="w">2022-04-14</subfield>
    <subfield code="y">BK</subfield>
    <subfield code="k">VEDI/22-23/04/07</subfield>
  </datafield>
  <datafield tag="952" ind1=" " ind2=" ">
    <subfield code="0">0</subfield>
    <subfield code="1">0</subfield>
    <subfield code="2">ddc</subfield>
    <subfield code="4">0</subfield>
    <subfield code="7">0</subfield>
    <subfield code="a">SOBD</subfield>
    <subfield code="b">SOBD</subfield>
    <subfield code="d">2022-05-05</subfield>
    <subfield code="e">Vedi Books</subfield>
    <subfield code="o">658.8 GUP-M18</subfield>
    <subfield code="p">001201</subfield>
    <subfield code="r">2022-07-01</subfield>
    <subfield code="t">18</subfield>
    <subfield code="w">2022-04-14</subfield>
    <subfield code="y">BK</subfield>
    <subfield code="k">VEDI/22-23/04/07</subfield>
  </datafield>
  <datafield tag="952" ind1=" " ind2=" ">
    <subfield code="0">0</subfield>
    <subfield code="1">0</subfield>
    <subfield code="2">ddc</subfield>
    <subfield code="4">0</subfield>
    <subfield code="7">0</subfield>
    <subfield code="a">SOBD</subfield>
    <subfield code="b">SOBD</subfield>
    <subfield code="d">2022-05-05</subfield>
    <subfield code="e">Vedi Books</subfield>
    <subfield code="l">4</subfield>
    <subfield code="m">1</subfield>
    <subfield code="o">658.8 GUP-M19</subfield>
    <subfield code="p">001202</subfield>
    <subfield code="r">2025-12-01</subfield>
    <subfield code="s">2025-11-14</subfield>
    <subfield code="t">19</subfield>
    <subfield code="w">2022-04-14</subfield>
    <subfield code="y">BK</subfield>
    <subfield code="k">VEDI/22-23/04/07</subfield>
  </datafield>
  <datafield tag="952" ind1=" " ind2=" ">
    <subfield code="0">0</subfield>
    <subfield code="1">0</subfield>
    <subfield code="2">ddc</subfield>
    <subfield code="4">0</subfield>
    <subfield code="7">0</subfield>
    <subfield code="a">SOBD</subfield>
    <subfield code="b">SOBD</subfield>
    <subfield code="d">2022-05-05</subfield>
    <subfield code="e">Vedi Books</subfield>
    <subfield code="o">658.8 GUP-M20</subfield>
    <subfield code="p">001203</subfield>
    <subfield code="r">2022-07-01</subfield>
    <subfield code="t">20</subfield>
    <subfield code="w">2022-04-14</subfield>
    <subfield code="y">BK</subfield>
    <subfield code="k">VEDI/22-23/04/07</subfield>
  </datafield>
  <datafield tag="952" ind1=" " ind2=" ">
    <subfield code="0">0</subfield>
    <subfield code="1">0</subfield>
    <subfield code="2">ddc</subfield>
    <subfield code="4">0</subfield>
    <subfield code="7">0</subfield>
    <subfield code="a">SOBD</subfield>
    <subfield code="b">SOBD</subfield>
    <subfield code="d">2022-05-05</subfield>
    <subfield code="e">Vedi Books</subfield>
    <subfield code="l">1</subfield>
    <subfield code="o">658.8 GUP-M21</subfield>
    <subfield code="p">001204</subfield>
    <subfield code="r">2022-11-21</subfield>
    <subfield code="s">2022-11-05</subfield>
    <subfield code="t">21</subfield>
    <subfield code="w">2022-04-14</subfield>
    <subfield code="y">BK</subfield>
    <subfield code="k">VEDI/22-23/04/07</subfield>
  </datafield>
  <datafield tag="952" ind1=" " ind2=" ">
    <subfield code="0">0</subfield>
    <subfield code="1">0</subfield>
    <subfield code="2">ddc</subfield>
    <subfield code="4">0</subfield>
    <subfield code="7">0</subfield>
    <subfield code="a">SOBD</subfield>
    <subfield code="b">SOBD</subfield>
    <subfield code="d">2022-05-05</subfield>
    <subfield code="e">Vedi Books</subfield>
    <subfield code="o">658.8 GUP-M22</subfield>
    <subfield code="p">001205</subfield>
    <subfield code="r">2022-07-01</subfield>
    <subfield code="t">22</subfield>
    <subfield code="w">2022-04-14</subfield>
    <subfield code="y">BK</subfield>
    <subfield code="k">VEDI/22-23/04/07</subfield>
  </datafield>
  <datafield tag="952" ind1=" " ind2=" ">
    <subfield code="0">0</subfield>
    <subfield code="1">0</subfield>
    <subfield code="2">ddc</subfield>
    <subfield code="4">0</subfield>
    <subfield code="7">0</subfield>
    <subfield code="a">SOBD</subfield>
    <subfield code="b">SOBD</subfield>
    <subfield code="d">2022-05-05</subfield>
    <subfield code="e">Vedi Books</subfield>
    <subfield code="o">658.8 GUP-M23</subfield>
    <subfield code="p">001206</subfield>
    <subfield code="r">2022-07-01</subfield>
    <subfield code="t">23</subfield>
    <subfield code="w">2022-04-14</subfield>
    <subfield code="y">BK</subfield>
    <subfield code="k">VEDI/22-23/04/07</subfield>
  </datafield>
  <datafield tag="952" ind1=" " ind2=" ">
    <subfield code="0">0</subfield>
    <subfield code="1">0</subfield>
    <subfield code="2">ddc</subfield>
    <subfield code="4">0</subfield>
    <subfield code="7">0</subfield>
    <subfield code="a">SOBD</subfield>
    <subfield code="b">SOBD</subfield>
    <subfield code="d">2022-05-05</subfield>
    <subfield code="e">Vedi Books</subfield>
    <subfield code="o">658.8 GUP-M24</subfield>
    <subfield code="p">001207</subfield>
    <subfield code="r">2022-07-01</subfield>
    <subfield code="t">24</subfield>
    <subfield code="w">2022-04-14</subfield>
    <subfield code="y">BK</subfield>
    <subfield code="k">VEDI/22-23/04/07</subfield>
  </datafield>
  <datafield tag="952" ind1=" " ind2=" ">
    <subfield code="0">0</subfield>
    <subfield code="1">0</subfield>
    <subfield code="2">ddc</subfield>
    <subfield code="4">0</subfield>
    <subfield code="7">0</subfield>
    <subfield code="a">SOBD</subfield>
    <subfield code="b">SOBD</subfield>
    <subfield code="d">2022-05-05</subfield>
    <subfield code="e">Vedi Books</subfield>
    <subfield code="o">658.8 GUP-M25</subfield>
    <subfield code="p">001208</subfield>
    <subfield code="r">2022-07-01</subfield>
    <subfield code="t">25</subfield>
    <subfield code="w">2022-04-14</subfield>
    <subfield code="y">BK</subfield>
    <subfield code="k">VEDI/22-23/04/07</subfield>
  </datafield>
  <datafield tag="952" ind1=" " ind2=" ">
    <subfield code="0">0</subfield>
    <subfield code="1">0</subfield>
    <subfield code="2">ddc</subfield>
    <subfield code="4">0</subfield>
    <subfield code="7">0</subfield>
    <subfield code="a">SOBD</subfield>
    <subfield code="b">SOBD</subfield>
    <subfield code="d">2022-05-05</subfield>
    <subfield code="e">Vedi Books</subfield>
    <subfield code="o">658.8 GUP-M26</subfield>
    <subfield code="p">001209</subfield>
    <subfield code="r">2022-07-01</subfield>
    <subfield code="t">26</subfield>
    <subfield code="w">2022-04-14</subfield>
    <subfield code="y">BK</subfield>
    <subfield code="k">VEDI/22-23/04/07</subfield>
  </datafield>
  <datafield tag="952" ind1=" " ind2=" ">
    <subfield code="0">0</subfield>
    <subfield code="1">0</subfield>
    <subfield code="2">ddc</subfield>
    <subfield code="4">0</subfield>
    <subfield code="7">0</subfield>
    <subfield code="a">SOBD</subfield>
    <subfield code="b">SOBD</subfield>
    <subfield code="d">2022-05-05</subfield>
    <subfield code="e">Vedi Books</subfield>
    <subfield code="o">658.8 GUP-M27</subfield>
    <subfield code="p">001210</subfield>
    <subfield code="r">2022-07-01</subfield>
    <subfield code="t">27</subfield>
    <subfield code="w">2022-04-14</subfield>
    <subfield code="y">BK</subfield>
    <subfield code="k">VEDI/22-23/04/07</subfield>
  </datafield>
  <datafield tag="952" ind1=" " ind2=" ">
    <subfield code="0">0</subfield>
    <subfield code="1">0</subfield>
    <subfield code="2">ddc</subfield>
    <subfield code="4">0</subfield>
    <subfield code="7">0</subfield>
    <subfield code="a">SOBD</subfield>
    <subfield code="b">SOBD</subfield>
    <subfield code="d">2022-05-05</subfield>
    <subfield code="e">Vedi Books</subfield>
    <subfield code="o">658.8 GUP-M28</subfield>
    <subfield code="p">001211</subfield>
    <subfield code="r">2022-07-01</subfield>
    <subfield code="t">28</subfield>
    <subfield code="w">2022-04-14</subfield>
    <subfield code="y">BK</subfield>
    <subfield code="k">VEDI/22-23/04/07</subfield>
  </datafield>
  <datafield tag="952" ind1=" " ind2=" ">
    <subfield code="0">0</subfield>
    <subfield code="1">0</subfield>
    <subfield code="2">ddc</subfield>
    <subfield code="4">0</subfield>
    <subfield code="7">0</subfield>
    <subfield code="a">SOBD</subfield>
    <subfield code="b">SOBD</subfield>
    <subfield code="d">2022-05-05</subfield>
    <subfield code="e">Vedi Books</subfield>
    <subfield code="o">658.8 GUP-M29</subfield>
    <subfield code="p">001212</subfield>
    <subfield code="r">2022-07-01</subfield>
    <subfield code="t">29</subfield>
    <subfield code="w">2022-04-14</subfield>
    <subfield code="y">BK</subfield>
    <subfield code="k">VEDI/22-23/04/07</subfield>
  </datafield>
  <datafield tag="952" ind1=" " ind2=" ">
    <subfield code="0">0</subfield>
    <subfield code="1">0</subfield>
    <subfield code="2">ddc</subfield>
    <subfield code="4">0</subfield>
    <subfield code="7">0</subfield>
    <subfield code="a">SOBD</subfield>
    <subfield code="b">SOBD</subfield>
    <subfield code="d">2022-05-05</subfield>
    <subfield code="e">Vedi Books</subfield>
    <subfield code="l">6</subfield>
    <subfield code="m">1</subfield>
    <subfield code="o">658.8 GUP-M30</subfield>
    <subfield code="p">001213</subfield>
    <subfield code="r">2025-08-19</subfield>
    <subfield code="s">2025-08-19</subfield>
    <subfield code="t">30</subfield>
    <subfield code="w">2022-04-14</subfield>
    <subfield code="y">BK</subfield>
    <subfield code="k">VEDI/22-23/04/07</subfield>
  </datafield>
</record>
